000 00416nam a22001697a 4500
003 MPLRDC
005 20220104123933.0
008 210129b ||||| |||| 00| 0 eng d
020 _a962-257-524-2
082 _a578.219 QJJ
100 _a千家驹
245 _a海外游子声
_c
260 _a
_b天地图书有限公司
_c
300 _b
650 _a中国外交--国际地位
942 _cBK
_o578.219 QJJ
999 _c15371
_d15361